| 000 | 00999nam a22002537a 4500 | ||
|---|---|---|---|
| 005 | 20240305165418.0 | ||
| 007 | cr|||| |||| | ||
| 008 | 131129c20119999co zr|| s|||| 0|||a1spa d | ||
| 035 | _a11651 | ||
| 040 | _avLex | ||
| 090 |
_c4617 _d4617 |
||
| 245 | 0 | 0 |
_aTrans-pasando fronteras _h[Recurso electrónico] |
| 256 | _aServicio en línea | ||
| 260 |
_aBogotá: _bUniversidad ICESI. _c2011 - |
||
| 300 | _a1 recurso electrónico | ||
| 310 | _aSemestral | ||
| 362 | _aNúm. 1 (2011) - | ||
| 506 | 1 |
_aContenido solo disponible en los productos indicados _dvLex Global _dvLex Global (Academic Edition, excluding Law Schools) _dvLex Global (U.S. Academic Edition, Law Schools) _dvLex Global (U.S. Academic Edition, excluding Law Schools) _dvLex Global (Academic Edition, Law Schools) |
|
| 650 | 0 | 4 |
_aColombia _xBoundaries |
| 650 | 0 | 4 | _aDerecho internacional |
| 740 | 0 | _avLex Libros (Servicio en línea) | |
| 856 | _uhttps://app.vlex.com/#/sources/trans-pasando-fronteras-11651 | ||
| 942 | _cRAA | ||
| 999 |
_c162976 _d162976 |
||